000 00428nam a2200157 4500
001 127341
003 ES-MaACL
005 20230906193009.0
007 t|
008 070214s1971 sp r ||||1| spa d
100 1 _aRiaza, Fernando.
_996689
245 1 0 _aTeilhard y el trabajo /
_cFernando Riaza.
260 _aMadrid :
_b[s.n.],
_c1971 (
_fGráf. Guía)
300 _a96 p. ;
_c17 cm.
852 _aES-MaACL
_jC-40839
_bR.78844
999 _c127341
_d127341